000 00541nam a22001575i 4500
001 168539
003 ES-MaACL
005 20230906213821.0
008 080417s1969 sp |||| | spa d
100 1 _aMac Lafferty, Fred W.
_9137627
245 1 0 _aInterpretación de los espectros de masas /
_cF. W. McLaferty ; [versión española de Juan Mª. Salietti Vinue].
260 _aBarcelona :
_bReverté,
_c[1969]
300 _aXVI, 228 p. ;
_c22 cm.
700 1 _aSalietti Vinué, Juan María.
_9101923
852 _aES-MaACL
_jC-36434
_9R.69749
999 _c168539
_d168539